01656nam a22001457a 4500003000900000005001700009008004100026040001300067245010000080250000600180260002000186300001800206490000600224520128000230IT-RoPau20220918175939.0130129b xxu||||| |||| 00| 0 eng d cIT-RoPau aUna luce sul nostro camminobMaestra Tecla nelle sue note spirituali Dicembre 1926 Giugno 1928 aI aRomabFSPc2009 a102 p.c21 cm vI aSommario Introduzione Premessa: Un metodo di lettura e di interpretazione I. I "taccuini" o note spirituali di Maestra Tecla I taccuini all'analisi della grafia II. Il taccuino n°1 Il contesto degli anni 1926-28 Contesto storico ed ecclesiale Contesto congregazionale L'ambiente spirituale Maestra Tecla diventa "Prima" Maestra in un cammino progressivo di fede e di umiltà "Carità e cose generali" Umiltà e fiducia: i suoi atteggiamenti fondamentali Altri tratti della fisionomia spirituale di M. Tecla La donna biblica Lo spirito del patto nella fede pura Il dolore dei peccati La presenza costante di Maria Lo spirito di Paolo La ricerca della volontà di Dio "Servire Dio con loa mente" Cura dell'interiorità e delle intenzioni del cuore Grandezza della vocazione paolina La meditazione e l'assimilazione si fa annuncio Maestra Tecla: una luce sul cammino della vita consacrata apostolica La santità evangelica nella cultura della comunicazione Il taccuini n°1 con le note Pagine originali Cronologia storica